000 00638nam a2200229 i 4500
001 bg
100 1 _aKOLBERG, Michael
245 1 0 _aExcel w firmie :
_b[przykłady zastosowań] /
_cMichael Kolberg.
260 _aWrocław :
_b"Robomatic",
_c2001.
300 _a479, [3] s. :
_brys. ;
_c24 cm.
504 _aIndeks.
650 9 _aExcel
655 _aPodręczniki
020 _a8387150177
040 _cBPK
041 1 _apl
_hen
080 _a004.42(07)
920 _a83-87150-17-7
942 _cKS
008 s pl f |000 0 pol
999 _c40446
_d40446
856 _uhttp://koha.tu.koszalin.pl/cgi-bin/koha/opac-detail.pl?biblionumber=40446
_yKatalog online BPK